Etude de l'impact de Crotalaria retusa linne sur l'infestation du Niébé au champ par Mégalurothrips Sjostedti Trybom et Callosobruchus Maculatus Fabricius (Record no. 30550)
[ view plain ]
| 000 -LEADER | |
|---|---|
| fixed length control field | 01151 a2200289 4500 |
| 041 ## - CODE DE LANGUE | |
| Language code of summary or abstract/overprinted title or subtitle | Fr |
| 041 ## - CODE DE LANGUE | |
| Language code of summary or abstract/overprinted title or subtitle | En |
| 040 ## - SOURCE DU CATALOGAGE | |
| Original cataloging agency | Doc. |
| 041 ## - CODE DE LANGUE | |
| Language code of summary or abstract/overprinted title or subtitle | Fr |
| 041 ## - CODE DE LANGUE | |
| Language code of summary or abstract/overprinted title or subtitle | En |
| 100 ## - VEDETTE PRINCIPALE - NOM DE PERSONNE | |
| Personal name | DJOSSOU, Jules |
| 130 ## - VEDETTE PRINCIPALE - TITRE UNIFORME | |
| Language of a work | Fr |
| 245 ## - TITLE STATEMENT | |
| Title | Etude de l'impact de Crotalaria retusa linne sur l'infestation du Niébé au champ par Mégalurothrips Sjostedti Trybom et Callosobruchus Maculatus Fabricius |
| 300 ## - PHYSICAL DESCRIPTION | |
| Extent | XIX-96 p. |
| 300 ## - PHYSICAL DESCRIPTION | |
| Other physical details | ill., graph., tabl., 29 cm |
| 502 ## - DISSERTATION NOTE | |
| Dissertation note | Thèse |
| 520 ## - SUMMARY, ETC. | |
| Summary, etc | L'impact de Crotalaria retusa Linné sur l'infestation du niébé au champ par Megalurothrips sjostedti Trybom et Callosobruchus maculatus Fabricius a été étudié. Le dispositif utilisé est le bloc aléatoire complet comportant 4 répétitions et 3 traitement... |
| 653 1# - INDEX TERM--UNCONTROLLED | |
| Uncontrolled term | Sciences et Techniques de Production Végétale |
| 650 ## - SUBJECT ADDED ENTRY--TOPICAL TERM | |
| Topical term or geographic name as entry element | NIEBE |
| 650 ## - SUBJECT ADDED ENTRY--TOPICAL TERM | |
| Topical term or geographic name as entry element | INFESTATION |
| 650 ## - SUBJECT ADDED ENTRY--TOPICAL TERM | |
| Topical term or geographic name as entry element | CROTALARIA |
| 650 ## - SUBJECT ADDED ENTRY--TOPICAL TERM | |
| Topical term or geographic name as entry element | AGRONOMIE |
| 653 #1 - INDEX TERM--UNCONTROLLED | |
| Uncontrolled term | Sciences et Techniques de Production Végétale |
| 690 ## - LOCAL SUBJECT ADDED ENTRY--TOPICAL TERM (OCLC, RLIN) | |
| Topical term or geographic name as entry element | INFESTATION DU NIEBE |
| 710 ## - ADDED ENTRY--CORPORATE NAME | |
| Corporate name or jurisdiction name as entry element | <Abomey-Calavi>, <Université d'Abomey-Calavi>, <FAculté des Sciences Agronomiques>, <UAC>, <BJ> |
| Withdrawn status | Lost status | Damaged status | Not for loan | Location (home branch) | Sublocation or collection (holding branch) | Date acquired | Koha issues (times borrowed) | Koha full call number | Koha date last seen | Copy number | Price effective from | Koha item type | Public note |
|---|---|---|---|---|---|---|---|---|---|---|---|---|---|
| Bibliothèque-Centre de Documentation de la Faculté des Sciences Agronomiques | Bibliothèque-Centre de Documentation de la Faculté des Sciences Agronomiques | 08/05/2005 | A.8638.TPV.2001.004 | 28/02/2009 | 03 | 28/02/2009 | Livre | A.8635 |